Makeup Terms! Quiz Stats

 Plays Quiz not verified by Sporcle

Score 0/15 Timer 08:00
0 Plays Today
Be sure you know all about your makeup g % Correct
What is the substance usually solid you apply to the lips.lipstick
87.9%
What do you apply to cheeks to have more color. blush
86.7%
What do you put on to cover and blemishes and/or undereye circles.concealer
85.3%
What do you apply to the lips occasionally sticky and shiney.lipgloss
85.1%
What do you put on your eyelashesso they appear fuller and longer.mascara
82.8%
What do you put on to make yourself seem tanner.bronzer
82%
What do you put on after you put on liquid face makeup.powder
81.6%
What you put on before eyeshadow so it will stay on.primer
80.2%
Be sure you know all about your makeup g % Correct
What is the main part of the eye.eyelid
77.2%
Where is a highlighter placed.cheekbone
77.2%
Where do you place eyeliner on the bottom.waterline
68.3%
What is the middle hollow of the eye.crease
62.8%
What is the most upper part of the eye.browbone
61.2%
Where do place eyeliner on the top.upper lash line
16.2%
Where is a contour placed.hollows of cheeks
15.4%

You're not logged in!

Compare scores with friends on all Sporcle quizzes.
OR
Log In

You Might Also Like...

Show Comments

Extras

Created Apr 2, 2012ReportNominate
Tags:makeup, sure, term

Top Quizzes Today


Score Distribution

Your Account Isn't Verified!

In order to create a playlist on Sporcle, you need to verify the email address you used during registration. Go to your Sporcle Settings to finish the process.

Report this User

Report this user for behavior that violates our Community Guidelines.

Details: